000 00487nam a2200181Ia 4500
008 240729s9999 xx 000 0 und d
022 _a2711-4627
245 0 _aParadigmPlus
260 _aColombia
260 _bITI Research Group
650 _a Electronic computers. Computer science
650 _a Instruments and machines
650 _a Mathematics
650 _aScience
856 _uhttps://doaj.org/toc/9516cab355aa4e53b3a8ba0f08dab1a6
942 _2ddc
942 _cDOAJEJ
999 _c72061
_d72061
945 _a1
_bMadushi Gamage
_c1
_dMadushi Gamage